| 000 | 00681 a2200229 4500 | ||
|---|---|---|---|
| 001 | 42377 | ||
| 005 | 20260407155713.0 | ||
| 008 | 260407a1951 arg spa d | ||
| 003 | AR-UNSa-BCEJYS | ||
| 040 |
_aAR-UNSa-BCEJYS _bspa _cAR-UNSa-BCEJYS |
||
| 080 |
_a347 _xDerecho Civil |
||
| 245 | 1 | 0 |
_aTratado de derecho civil argentino _pderechos reales |
| 250 | _a4a. ed. | ||
| 264 | 1 |
_aBuenos Aires : _bTEA (Tipográfica Editora Argentina) _c1951 |
|
| 300 |
_a2 v. _c24 cm. |
||
| 505 | _aVol. I: Posesión - Vol. II: Dominio | ||
| 041 | _aspa | ||
| 942 | _cBK | ||
| 590 | _aniveau_biblio:m niveau_hierar:0 | ||
| 100 | 1 | _aCorvalan, Sofanor Novillo | |
| 700 | 1 | _aSalvat, Raymundo M. | |
| 999 |
_c3608 _d3608 |
||